000 00751nam a2200193Ia 4500
003 GCL
008 140319s9999 xx 000 0 ara d
040 _aGCL /
_cGCL
082 0 4 _a362.4
_bم ل
245 1 0 _aلست وحدى فى هذا العالم :
_bكيف نساعد اولادنا حاملى متالزمة داون ؟
260 _aالقاهرة :
_bالمجموعة الاستشارية لنظم المعلومات والادارة ،
_c2001
300 _a131 ص ؛
_c24 سم
650 0 4 _aضعاف العقول
650 0 4 _aالمعوقون
650 0 4 _aالاطفال المعوقون
650 0 4 _aالاطفال المعوقون - رعاية وعلاج
650 0 4 _aالاطفال المعوقون - تعليم
942 _2ddc
_cBK
999 _c5219
_d5219